| 000 | 00439cam a2200181ua 4500 | ||
|---|---|---|---|
| 020 | _c2.50 | ||
| 041 |
_ahin _h |
||
| 082 |
_a891.54 _bGOS/KA |
||
| 100 | _aGoswami, Tulasidas . | ||
| 245 |
_aKavithavali / _cGoswami Tulasidas. _hTextual Documents |
||
| 250 |
_a1 / _b. |
||
| 260 |
_aAllahabad : _bRamnarayanlal beniprasad , _c1961. |
||
| 300 | _a246 ; . | ||
| 365 | _a2.50 | ||
| 504 | _a | ||
| 942 | _cBK | ||
| 999 |
_c8442 _d8442 |
||